| 000 -ლიდერი |
| ფიქსირებული სიგრძის საკონტროლო ველი |
01590nam a2200277Ia 4500 |
| 001 - საკონტროლო ნომერი |
| საკონტროლო ველი |
1345 |
| 003 - საკონტროლო ნომრის იდენტიფიკატორი |
| საკონტროლო ველი |
GE_BSU |
| 005 - ბოლო ოპერაციის თარიღი და დრო |
| საკონტროლო ველი |
20240118112650.0 |
| 008 - ფიქსირებული სიგრძის მონაცემთა ელემენტები - ზოგადი ინფორმაცია |
| ფიქსირებული სიგრძის საკონტროლო ველი |
181216s2011||||ge |||||||||||||| ||geo|| |
| 020 ## - წიგნის საერთაშორისო სტანდარტული ნომერი |
| International Standard Book Number |
9789941172519 |
| 040 ## - კატალოგიზაციის წყარო |
| Transcribing agency |
GE_BSU |
| 041 ## - ენის კოდი |
| Language code of text/sound track or separate title |
geo |
| 080 ## - უნივერსალური ათობითი კლასიფიკაციის ინდექსი |
| Universal Decimal Classification number |
325.2(=353.1) უ-47 |
| 100 ## - მთავარი ჩანაწერი - პიროვნების სახელი |
| Personal name |
ურუშაძე, ლევან ზ. |
| 9 (RLIN) |
21071 |
| 245 ## - ცნობა სათაურის შესახებ |
| Title |
როგორ არ უნდა იწერებოდეს ისტორია : |
| Remainder of title |
[გელა სულაძის წიგნის "ქართული ანტისაბჭოთა ემიგრაცია და სპეცსამსახურები (1918-1953 წ.წ.)" კრიტიკული განხილვა] / |
| Statement of responsibility, etc |
ლევან ზ. ურუშაძე; [რედ. დოდონა კიზირია]. |
| 264 ## - წარმოების, გამოცემის, დისტრიბუციის და სხვა ცნობები |
| გამოცემის, წარმოების, დისტრიბუციის... ადგილი |
თბილისი : |
| გამოცემის, წარმოების, დისტრიბუციის... სახელწოდება |
უნივერსალი, |
| გამოცემის, წარმოების, დისტრიბუციის... თარიღი |
2011. |
| 300 ## - ფიზიკური აღწერა |
| Extent |
123 გვ. ; |
| Other physical details |
19 სმ. |
| 504 ## - BIBLIOGRAPHY, ETC. NOTE |
| Bibliography, etc |
ბიბლიოგრ.: გვ. 116-120. |
| 520 ## - SUMMARY, ETC. |
| Summary, etc |
რეზ. ინგლ. |
| 653 ## - INDEX TERM--UNCONTROLLED |
| Uncontrolled term |
ქართული ემიგრაციის ისტორია |
| 653 ## - INDEX TERM--UNCONTROLLED |
| Uncontrolled term |
ეროვნულ-განმათავისუფლებელი მოძრაობა საქართველოში |
| 653 ## - INDEX TERM--UNCONTROLLED |
| Uncontrolled term |
1918-1921 წლები -- საქართველოს დემოკრატიული რესპუბლიკა |
| 700 ## - ADDED ENTRY--PERSONAL NAME |
| Personal name |
კიზირია, დოდონა |
| Relator term |
რედაქტორი |
| 9 (RLIN) |
15531 |
| 942 ## - ADDED ENTRY ELEMENTS (KOHA) |
| Koha item type |
წიგნი |
| Source of classification or shelving scheme |
|